| 000 | 00580nam a22001937a 4500 | ||
|---|---|---|---|
| 003 | OSt | ||
| 005 | 20240717035922.0 | ||
| 008 | 240717b |||||||| |||| 00| 0 eng d | ||
| 020 | _a978-971-9676-10-2 | ||
| 040 |
_aDWC- Main Lib _cOC |
||
| 082 | _aFil. 371.3028 D278m 2015 | ||
| 100 | _aDe Guzman , Algene M. | ||
| 245 |
_aMaximizing macro skills / _cAlgene M De Guzman. |
||
| 260 |
_aPhilippines: _bJimczyville Publications, _cc2015. |
||
| 300 |
_axiii, 248 pages : _billustrations |
||
| 504 | _aIncludes bibliography. | ||
| 650 | _a1. Study skills | ||
| 942 |
_2ddc _cBK - FIL _n1 |
||
| 999 |
_c2306 _d2306 |
||